[Event "Schleswig Holstein-ch Seniors"]
[Site "Hanerau"]
[Date "2015.03.29"]
[Round "2"]
[White "Carstens, Hans Henning"]
[Black "Maass, Ralf"]
[Result "1/2-1/2"]
[WhiteElo "1432"]
[BlackElo "1219"]
[PlyCount "52"]
[EventDate "2015.03.28"]
[EventType "swiss"]
[EventRounds "9"]
[EventCountry "GER"]
[SourceTitle "EXT 2018"]
[Source "ChessBase"]
[SourceDate "2017.10.13"]
[SourceVersion "1"]
[SourceVersionDate "2017.10.13"]
[SourceQuality "1"]

1. e4 e5 2. Nf3 Nf6 3. Nxe5 d6 4. Nf3 Nxe4 5. d4 d5 6. Bd3 Bd6 7. Be3 0-0 8. Nbd2 Bf5 9. c3 Qe7 10. Qc2 Nd7 11. 0-0-0 c5 12. dxc5 Bxc5 13. Rhe1 Bxe3 14. Rxe3 Ndc5 15. Nd4 Nxd3+ 16. Qxd3 Nxf2 17. Qe2 Nd3+ 18. Rxd3 Qxe2 19. Nxe2 Bxd3 20. Nf4 Be4 21. Nb3 b6 22. Rd4 f5 23. g3 Rac8 24. Kd2 Rc4 25. a3 Re8 26. h4 h6 1/2-1/2